| 000 | 03180nam a22005295i 4500 | ||
|---|---|---|---|
| 999 |
_c200457160 _d75372 |
||
| 003 | TR-AnTOB | ||
| 005 | 20231121110007.0 | ||
| 007 | cr nn 008mamaa | ||
| 008 | 210916s2022 sz | s |||| 0|eng d | ||
| 020 | _a9783030804961 | ||
| 024 | 7 |
_a10.1007/978-3-030-80496-1 _2doi |
|
| 040 |
_aTR-AnTOB _beng _erda _cTR-AnTOB |
||
| 041 | _aeng | ||
| 050 | 4 | _aTA670 | |
| 072 | 7 |
_aTNK _2bicssc |
|
| 072 | 7 |
_aTEC009020 _2bisacsh |
|
| 072 | 7 |
_aTNK _2thema |
|
| 090 | _aTA670EBK | ||
| 245 | 1 | 0 |
_aMasonry: Building Pathologies and Design _h[electronic resource] / _cedited by João M. P. Q. Delgado. |
| 250 | _a1st ed. 2022. | ||
| 264 | 1 |
_aCham : _bSpringer International Publishing : _bImprint: Springer, _c2022. |
|
| 300 | _a1 online resource | ||
| 336 |
_atext _btxt _2rdacontent |
||
| 337 |
_acomputer _bc _2rdamedia |
||
| 338 |
_aonline resource _bcr _2rdacarrier |
||
| 347 |
_atext file _bPDF _2rda |
||
| 490 | 1 |
_aBuilding Pathology and Rehabilitation, _x2194-9840 ; _v22 |
|
| 505 | 0 | _aApplication of Blast Resistant Design Model for Safer Cities -- Design of Facade for Blast Resistant Buildings -- Application of Geometric Patterns in Architectural Design Process -- A Novel Seismic Outer Coating for Rehabilitation of Existing Masonry Buildings -- Numerical Analysis of Bottle-Shaped Isolated Struts Concrete Deteriorated by Delayed Ettringite Formation -- Concrete Samples Extracted from Pile Caps and Affected by Internal Swelling Reactions: A Diagnostic Analysis -- Diagnosis and Assessment of Deep Pile Cap Foundation of a Tall Building Affected by Internal Expansion Reactions -- Waterproof Roofing System Pathology Phenomenology Analysis as a Background Support for Diagnosis and Design. | |
| 520 | _aThis book presents a collection of recent research works related to blast resistant design, building pathologies, seismic coating, bottle-shaped concrete struts, delayed ettringite formation and waterproofing. It features eight chapters on building pathologies as well as a detailed set of references and suggestions for further reading. Offering a systematic review of the current state of knowledge, it is a valuable resource for scientists, students, practitioners, and lecturers in various scientific and engineering disciplines, including civil and materials engineering, as well as and other interested parties. . | ||
| 650 | 0 | _aBuilding materials. | |
| 650 | 0 | _aGeotechnical engineering. | |
| 650 | 0 | _aBuildings—Design and construction. | |
| 650 | 1 | 4 | _aBuilding Materials. |
| 650 | 2 | 4 | _aStructural Materials. |
| 650 | 2 | 4 | _aGeotechnical Engineering and Applied Earth Sciences. |
| 650 | 2 | 4 | _aBuilding Construction and Design. |
| 653 | 0 | _aMasonry | |
| 700 | 1 |
_aDelgado, João M. P. Q. _eeditor. _4edt _4http://id.loc.gov/vocabulary/relators/edt |
|
| 710 | 2 | _aSpringerLink (Online service) | |
| 830 | 0 |
_aBuilding Pathology and Rehabilitation, _x2194-9840 ; _v22 |
|
| 856 | 4 | 0 |
_uhttps://doi.org/10.1007/978-3-030-80496-1 _3Springer eBooks _zOnline access link to the resource |
| 942 |
_2lcc _cEBK |
||